000 00549nam a2200217Ia 4500
003 OSt
005 20230606202249.0
008 210423s2010 xx 000 0 und d
040 _cAL
041 _aeng
082 _a658.5
_223
_bBHAI
100 _aBHATTACHARYYA (D K)
_9120338
245 _aIndustrial management
260 _aNew Delhi
_bVikas Publications
_c2010
300 _a528
_bPB
365 _b335
_cINR
650 _aEconomics
_9120339
650 _aLabour Economics
_9120340
906 _aIndustrial ; management
942 _2ddc
_cBK
999 _c175923
_d175923